01668nam a2200445 i 450000100060000000300080000600500170001400600190003100700150005000800410006502000180010602000270012403500230015103500240017403500250019803500210022304000310024405000220027508000100029708200160030710000330032324501310035626400380048730000460052533600310057133700330060233800430063549000780067850000230075650400290077958801250080865000260093365000350095965000150099465000190100965500270102870000260105583000790108185600620116025291FlNmELB20241216215817.0m o d | cr cnu||||||||160407s2014 sp ob 001 0 spa d z9788416271405 a9788416629022 (e-book) a(MiAaPQ)EBC4421888 a(Au-PeEL)EBL4421888 a(CaPaEBR)ebr11162023 a(OCoLC)984792909 aFINmELBbspaerdacFINmELB 4aQA76.6bH959 2014 a004.40 a001.6422231 aHuércano Ruíz, Federico.10aDesarrollo de componentes software para servicios de comunicaciones (UF1288) /cFederico Huércano Ruiz, José Villar Cueli. 1aMálaga :bIC Editorial,c[2014] a1 recurso en línea (iii, 243 páginas) atextobtxt2rdacontent/spa acomputadorabc2rdamedia/spa arecurso en líneabcr2rdacarrier/spa1 aCertificado de profesionalidad. Programación de Sistemas Informáticos aContiene índice. aContiene bibliografía. aDescripción basada en recurso en línea; Título de la página del título en PDF (e-libro, visto April 07, 2016). 0aComputer programming. 4aProgramación de ordenadores. 0aComputers. 4aInformática. 4aLibros electrónicos.1 aVillar Cueli, José. 0aCertificado de profesionalidad. Programación de Sistemas Informáticos.40uhttps://elibro.net/ereader/politecnicointernacional/44520